| 000 -LEADER |
| fixed length control field |
00802nam a22002177a 4500 |
| 005 - DATE AND TIME OF LATEST TRANSACTION |
| control field |
20220919115045.0 |
| 008 - FIXED-LENGTH DATA ELEMENTS--GENERAL INFORMATION |
| fixed length control field |
220919s rus||||| |||| 00| 0 ru d |
| 020 ## - INTERNATIONAL STANDARD BOOK NUMBER |
| International Standard Book Number |
5947231824 |
| 041 ## - LANGUAGE CODE |
| Language code of text/sound track or separate title |
ru |
| 080 ## - UNIVERSAL DECIMAL CLASSIFICATION NUMBER |
| Universal Decimal Classification number |
159.9.01+130.122+165 C-60 |
| 100 ## - MAIN ENTRY--PERSONAL NAME |
| Personal name |
Солсо, Роберт Л. |
| 9 (RLIN) |
14621 |
| 245 ## - TITLE STATEMENT |
| Title |
Когнитивная психология / |
| Statement of responsibility, etc. |
Роберт Л Солсо; [Гл. редактор Е. Строганова]. |
| 250 ## - EDITION STATEMENT |
| Edition statement |
6-e издание |
| 264 ## - PRODUCTION, PUBLICATION, DISTRIBUTION, MANUFACTURE, AND COPYRIGHT NOTICE |
| Place of production, publication, distribution, manufacture |
Санкт-Петербург : |
| Name of producer, publisher, distributor, manufacturer |
Питер, |
| Date of production, publication, distribution, manufacture, or copyright notice |
?. |
| 300 ## - PHYSICAL DESCRIPTION |
| Extent |
419 стр. |
| Other physical details |
30 см. |
| 440 ## - SERIES STATEMENT/ADDED ENTRY--TITLE |
| Title |
Мастера психологии |
| 9 (RLIN) |
14623 |
| 653 ## - INDEX TERM--UNCONTROLLED |
| keyword |
ფსიქოლოგია |
| 653 ## - INDEX TERM--UNCONTROLLED |
| keyword |
психология |
| 700 ## - ADDED ENTRY--PERSONAL NAME |
| Personal name |
Строганова, Е. |
| Relator term |
რედაქტორი |
| 9 (RLIN) |
14622 |
| 942 ## - ADDED ENTRY ELEMENTS (KOHA) |
| Source of classification or shelving scheme |
|
| Koha item type |
წიგნი |